00281nam a2200121Ia 4500008004100000100001500041245002200056260003700078300000800115650001200123942000700135999001700142190216s9999||||xx |||||||||||||| ||und|| aGulati S R 0aColour Television bNew Age International Publishers a419 aPhysics cBK c34184d34184